| 000 | 01008nam a2200253 a 4500 | ||
|---|---|---|---|
| 003 | BLK | ||
| 005 | 20231101152645.0 | ||
| 008 | 181019b bu ||||| |||| 00| 0 bu d | ||
| 020 | _a978-954-392-423-3 | ||
| 040 | _aBLK | ||
| 041 |
_aBUL _cBUL |
||
| 080 |
_aБългарска литература _b821.163.2 _x-32 _z821.163.2-32 |
||
| 100 |
_9461429 _aАтанасова, Антония Симеонова _eпърви автор _d1943 - |
||
| 139 |
_aАтанасова, Антония Симеонова _bА 93 |
||
| 245 |
_aДенят започва с красота _bразкази _cАнтония Атанасова |
||
| 257 | _aBGR | ||
| 260 |
_9209963 _aСофия _bПропелер _c2016 _fСофия : Диджитал принт експрес |
||
| 300 |
_a138 с. _c20 см |
||
| 380 | _aX | ||
| 500 | _aГод. на изд. погрешно отпеч. на загл. с. 20416. - Отзиви: с. 131-135 | ||
| 852 |
_aЦб 290980 _bЦб |
||
| 942 |
_cKNG _n0 _04 |
||
| 999 |
_c325578 _d325578 |
||
| 999 | _d325578 | ||
| 944 |
_k30529 _lДиана Гривева |
||